Evaluacin̤ de la participacin̤ pb︢lica en la elaboracin̤ de polt̕icas pb︢licas /

Bibliographic Details
Main Author: Burgos, Jos ̌Mara̕
Corporate Author: Instituto Nacional de Administracin̤ Pb︢lica (Espaą)
Other Authors: Burgos, Mara̕ Jos,̌ (trad.)
Format: Book
Language:Spanish
Published: Madrid : Instituto Nacional de Administracin̤ Pb︢lica :Organizacin̤ para la cooperacin̤ y el dearrollo econm̤ico (0CDE , 2008.
Series:Estudios y documentos / Instituto Nacional de Administracin̤ Pb︢lica.
Subjects:
Online Access:Acceso restringido

MARC

LEADER 00000nam a2200000 i 4500
005 20110712100641.0
008 090206s2009 sp 000 0 spa d
017 |a M 50406-2008 
020 |a 9788473512794 
035 |a 5521 
040 |a UGR  |d BUS  |d vLex 
080 |a 35.072.7 
090 |c 2210  |d 2210 
100 1 |a Burgos, Jos ̌Mara̕ 
245 1 0 |a Evaluacin̤ de la participacin̤ pb︢lica en la elaboracin̤ de polt̕icas pb︢licas /  |c traduccin̤ de Mara̕ Jos ̌Burgos.  |h [Recurso electrn̤ico] 
256 |a Servicio en ln̕ea. 
260 |a Madrid :  |b Instituto Nacional de Administracin̤ Pb︢lica :Organizacin̤ para la cooperacin̤ y el dearrollo econm̤ico (0CDE ,  |c 2008. 
300 |a 141 p. ;  |c 24 cm. 
490 1 |a Estudios y documentos / Instituto Nacional de Administracin̤ Pb︢lica. 
506 1 |a Contenido solo disponible en los productos indicados  |d vLex Global  |d vLex Global (Academic Edition, excluding Law Schools)  |d vLex Global (U.S. Academic Edition, Law Schools)  |d vLex Global (U.S. Academic Edition, excluding Law Schools)  |d vLex Global (Academic Edition, Law Schools) 
650 0 7 |a Derecho de participacin̤  |2 Tesauro vLex 
650 0 7 |a Participacin̤ ciudadana  |2 Tesauro vLex 
650 0 7 |2 Tesauro vLex  |a Gobierno 
650 0 7 |2 Tesauro vLex  |a Actos del gobierno 
700 1 |a Burgos, Mara̕ Jos,̌  |e trad. 
710 2 |a Instituto Nacional de Administracin̤ Pb︢lica (Espaą) 
740 0 |a vLex Libros (Servicio en ln̕ea) 
810 2 |a Instituto Nacional de Administracin̤ Pb︢lica (Espaą).  |p Estudios y documentos. 
856 4 0 |u http://vlex.com/source/evaluacion-participacion-publica-elaboracion-politicas-publicas-5521  |z Acceso restringido 
942 |c BOOK